PHARMACEUTICAL MICROBIOLOGY (Record no. 9609)
[ view plain ]
| 000 -LEADER | |
|---|---|
| fixed length control field | 00358nam a22001577a 4500 |
| 003 - CONTROL NUMBER IDENTIFIER | |
| control field | SGT |
| 020 ## - INTERNATIONAL STANDARD BOOK NUMBER | |
| International Standard Book Number | 978-81-85790-61-2 |
| 082 ## - DEWEY DECIMAL CLASSIFICATION NUMBER | |
| Classification number | 616.01 |
| 100 ## - MAIN ENTRY--PERSONAL NAME | |
| Personal name | KOKARE, CHANDRAKANT |
| 245 ## - TITLE STATEMENT | |
| Title | PHARMACEUTICAL MICROBIOLOGY |
| 250 ## - EDITION STATEMENT | |
| Edition statement | 11TH |
| 260 ## - PUBLICATION, DISTRIBUTION, ETC. (IMPRINT) | |
| Place of publication, distribution, etc | PUNE |
| Name of publisher, distributor, etc | NIRALI .PUB |
| Year of Publication | 2016 |
| 300 ## - PAGE DESCRIPTION | |
| No. of Pages | 26.26 & INDEX 1.5 |
| 650 ## - SUBJECT ADDED ENTRY--TOPICAL TERM | |
| Topical term or geographic name as entry element | MICROBIOLOGY |
| 942 ## - ADDED ENTRY ELEMENTS (KOHA) | |
| Source of classification or shelving scheme | Dewey Decimal Classification |
| Koha item type | Books |
| 942 ## - ADDED ENTRY ELEMENTS (KOHA) | |
| -- | 41 |
| Withdrawn status | Lost status | Source of classification or shelving scheme | Damaged status | Not for loan | Collection code | Home library | Current library | Shelving location | Date acquired | Vendor Name | Cost, normal purchase price | SGTU | Bill Number | Total Checkouts | Full call number | Accession No. (Barcode) | Date last seen | Date last borrowed | Bill Date | Koha item type | Total Renewals |
|---|---|---|---|---|---|---|---|---|---|---|---|---|---|---|---|---|---|---|---|---|---|
| Dewey Decimal Classification | PHARMACY | SGT FA-FP Library | SGT FA-FP Library | Text Book | 23/07/2016 | UNIVERSAL BOOK | 360.00 | SGTU | 156 | 23 | 616.01 | FP1861 | 12/10/2023 | 17/08/2023 | 15/07/2016 | Books | |||||
| Dewey Decimal Classification | PHARMACY | SGT FA-FP Library | SGT FA-FP Library | Text Book | 23/07/2016 | UNIVERSAL BOOK | 360.00 | SGTU | 156 | 17 | 616.01 | FP1862 | 16/09/2024 | 16/09/2024 | 15/07/2016 | Books | |||||
| Dewey Decimal Classification | PHARMACY | SGT FA-FP Library | SGT FA-FP Library | Text Book | 23/07/2016 | UNIVERSAL BOOK | 360.00 | SGTU | 156 | 21 | 616.01 | FP1863 | 21/10/2024 | 27/09/2024 | 15/07/2016 | Books | |||||
| Dewey Decimal Classification | PHARMACY | SGT FA-FP Library | SGT FA-FP Library | Text Book | 23/07/2016 | UNIVERSAL BOOK | 360.00 | SGTU | 156 | 20 | 616.01 | FP1864 | 29/08/2024 | 16/08/2024 | 15/07/2016 | Books | 1 | ||||
| Dewey Decimal Classification | PHARMACY | SGT FA-FP Library | SGT FA-FP Library | Text Book | 23/07/2016 | UNIVERSAL BOOK | 360.00 | SGTU | 156 | 23 | 616.01 | FP1865 | 23/09/2023 | 23/09/2023 | 15/07/2016 | Books | |||||
| Dewey Decimal Classification | PHARMACY | SGT FA-FP Library | SGT FA-FP Library | Text Book | 23/07/2016 | UNIVERSAL BOOK | 360.00 | SGTU | 156 | 20 | 616.01 | FP1866 | 18/11/2025 | 03/11/2025 | 15/07/2016 | Books | |||||
| Dewey Decimal Classification | PHARMACY | SGT FA-FP Library | SGT FA-FP Library | Text Book | 23/07/2016 | UNIVERSAL BOOK | 360.00 | SGTU | 156 | 26 | 616.01 | FP1867 | 14/08/2025 | 01/08/2025 | 15/07/2016 | Books |